Catálogo
 En Linea

Nociones esenciales del hebreo bíblico / (Registro nro. 23176)

Detalles MARC
000 -CABECERA
campo de control de longitud fija 00698nam a2200193 a 4500
001 - NÚMERO DE CONTROL
campo de control 000023680
005 - FECHA Y HORA DE LA ÚLTIMA TRANSACCIÓN
campo de control 20200930022405.0
008 - DATOS DE LONGITUD FIJA--INFORMACIÓN GENERAL
campo de control de longitud fija 101218s1970 xxu r 000 0 spa d
040 ## - FUENTE DE LA CATALOGACIÓN
Centro catalogador/agencia de origen DO-SdBNP
Lengua de catalogación spa
Centro/agencia transcriptor BNPHU
082 ## - NÚMERO DE LA CLASIFICACIÓN DECIMAL DEWEY
Número de clasificación xxxxx
Número de documento/Ítem Y31n
049 ## - FONDOS LOCALES (OCLC)
Fondos de biblioteca BNGR
100 1# - ENTRADA PRINCIPAL--NOMBRE DE PERSONA
Nombre de persona Yate, Kyle M.
9 (RLIN) 48779
245 10 - MENCIÓN DE TÍTULO
Título Nociones esenciales del hebreo bíblico /
Mención de responsabilidad, etc. Kyle M. Yates ; revisión Juan José Owens ; traducción S. Daniel Daglio.
260 ## - PUBLICACIÓN, DISTRIBUCIÓN, ETC.
Lugar de publicación, distribución, etc. Texas :
Nombre del editor, distribuidor, etc. Casa Bautista de Publicaicones,
Fecha de publicación, distribución, etc. 1970.
300 ## - DESCRIPCIÓN FÍSICA
Extensión 301 p. ;
Dimensiones 20 cm.
650 #4 - PUNTO DE ACCESO ADICIONAL DE MATERIA--TÉRMINO DE MATERIA
Término de materia o nombre geográfico como elemento de entrada Kyle m. yates ; revisión juan josé owens ; traducción s. daniel daglio
9 (RLIN) 48780
700 1# - PUNTO DE ACCESO ADICIONAL--NOMBRE DE PERSONA
Nombre de persona Owens, Juan José
9 (RLIN) 48781
700 1# - PUNTO DE ACCESO ADICIONAL--NOMBRE DE PERSONA
Nombre de persona Daglio, S. Daniel,
Término indicativo de función/relación tr.
9 (RLIN) 48782
Existencias
Estado de retiro Estado de pérdida Restricciones de uso No para préstamo Código de colección Localización permanente Ubicación/localización actual Ubicación en estantería Fecha de adquisición Número de inventario Total de préstamos Signatura topográfica completa Código de barras Fecha visto por última vez Precio válido a partir de Tipo de ítem Koha
        Monografías: Libros y Folletos General General En catalogación 18.12.2010 LF1   xxxxx Y31n 23680-10 25.06.2020 25.06.2020 Préstamo en sala

Con tecnología Koha